Tesoros de San Pedro de Atacama
Guardat en:
| Autor corporatiu: | |
|---|---|
| Format: | Llibre |
| Idioma: | espanyol |
| Publicat: |
Santiago
Museo Chileno de Arte Precolombino
1990
|
| Matèries: | |
| Etiquetes: |
Afegir etiqueta
Sense etiquetes, Sigues el primer a etiquetar aquest registre!
|
MARC
| LEADER | 00000nam a2200000 a 4500 | ||
|---|---|---|---|
| 001 | UCK4380 | ||
| 003 | CL-VaPUC | ||
| 008 | 050603e19900000CL |||||||||||||||||spa|d | ||
| 082 | 0 | 4 | |a 983.01 |b MUS |2 21 |
| 110 | 2 | |a Museo Chileno de Arte Precolombino |e author |9 492874 | |
| 245 | 1 | 0 | |a Tesoros de San Pedro de Atacama |
| 300 | |a 28 p | ||
| 942 | |c BK | ||
| 945 | |d 20050603 00:00:00 |a cmena | ||
| 260 | |a Santiago |b Museo Chileno de Arte Precolombino |c 1990 | ||
| 650 | 0 | |a Arqueología |9 265619 | |
| 650 | 0 | |a Culturas precolombinas |9 408769 | |
| 650 | 0 | |a Arte antiguo |9 330766 | |
| 583 | |a last modification |c 20050603 00:00:00 |k Rodrigo Vera | ||
| 999 | |c 313258 |d 313256 | ||
| 952 | |0 0 |1 0 |4 0 |6 983_010000000000000_MUS_1990 |7 0 |8 A |9 384496 |a BIBHIS |b BIBHIS |d 2019-11-22 |i 4135393 |l 1 |o 983.01 MUS 1990 |p 4135393 |r 2025-01-20 |s 2023-10-25 |w 2019-11-22 |y BK |k HIS | ||